[Prolegomena k Platónovmu dialógu Gorgias]

Recenzia na publikáciu Prolegomena k Platónovmu dialógu Gorgias, ktorá predstavuje nový a originálny príspevok do diskusie o Platónovom dialógu Gorgias.

Gespeichert in:
Bibliographische Detailangaben
1. Verfasser: Škvrnda, František, ml., 1987-
Format: Buchkapitel
Sprache:Slowakisch
Schlagworte:
Tags: Tag hinzufügen
Keine Tags, Fügen Sie das erste Tag hinzu!

MARC

LEADER 00000naa a2200000 4500
001 0253733
005 20240502074049.1
041 0 |a slo 
044 |a SK 
245 1 0 |a [Prolegomena k Platónovmu dialógu Gorgias]  |c František Škvrnda ml. 
520 |a Recenzia na publikáciu Prolegomena k Platónovmu dialógu Gorgias, ktorá predstavuje nový a originálny príspevok do diskusie o Platónovom dialógu Gorgias. 
610 2 0 |a recenzie 
610 2 0 |a dejiny filozofie 
610 2 0 |a filozofi 
610 2 0 |a filozofia 
100 1 |a Škvrnda, František, ml., 1987-